「小」がつく駅名 - Statistics

General Stats
  • This quiz has been taken 32 times
  • The average score is 89 of 219
Answer Stats
Hint Answer % Correct
東海道新幹線東海道本線 小田急小田原線 箱根登山鉄道 伊豆箱根鉄道大雄山線 小田原
100%
井原鉄道 | 山陰本線 小田
100%
山陽新幹線鹿児島本線 日豊本線 日田彦山線 北九州モノレール | 近鉄京都線 小倉
95%
東北新幹線東北本線 両毛線 水戸線 小山
95%
横須賀線湘南新宿ライン 南武線 東急東横線 東急目黒線 相鉄・JR直通線 武蔵小杉
95%
中央線快速 武蔵小金井
90%
中央本線 | 京都市営地下鉄東西線 | 島原鉄道 | +2 others 小野
90%
八高線東武東上線 | 都営新宿線 小川町
90%
西武拝島線西武国分寺線 | 鹿児島本線 小川
90%
中央線快速 東小金井
86%
山陽本線小野田線 小野田
86%
北陸新幹線IRいしかわ鉄道 小松
81%
東北本線 小金井
81%
小海線 小海
81%
西武新宿線西武拝島線 小平
81%
名鉄小牧線 小牧
81%
東北本線石巻線 陸羽東線 小牛田
76%
常磐緩行線 北小金
76%
総武本線中央・総武緩行線 新小岩
76%
中央・総武緩行線 小岩
76%
中央本線小海線 小淵沢
76%
武蔵野線 新小平
76%
徳島線 小島
76%
筑豊本線 小竹
76%
西武有楽町線東京メトロ有楽町線 東京メトロ副都心線 小竹向原
76%
小海線しなの鉄道線 小諸
71%
大糸線 南小谷
71%
太多線 小泉
71%
東急目黒線 武蔵小山
71%
小田急多摩線 小田急永山
71%
小田急多摩線 小田急多摩センター
71%
あいの風とやま鉄道 | 富山地方鉄道上滝線 小杉
71%
九州新幹線鹿児島本線 筑後船小屋
67%
室蘭本線千歳線 日高本線 苫小牧
67%
吉都線 | 成田線 | 阪急今津線 小林
67%
小浜線 小浜
67%
鹿児島本線日豊本線 日田彦山線 西小倉
67%
東急目黒線 西小山
67%
京急大師線 小島新田
67%
小田急小田原線 小田急相模原
67%
名鉄犬山線 下小田井
67%
名鉄犬山線 中小田井
67%
名鉄犬山線名古屋市営地下鉄鶴舞線 上小田井
67%
東武小泉線 東小泉
62%
東武小泉線 西小泉
62%
東京メトロ日比谷線 小伝馬町
62%
JR東海交通事業城北線 小田井
62%
海峡線津軽線 中小国
57%
横浜線 小机
57%
西武新宿線 花小金井
57%
西武多摩川線 新小金井
57%
京成本線 京成小岩
57%
名鉄小牧線 小牧口
57%
南武線 小田栄
52%
青梅線 小作
52%
両毛線 | 近鉄山田線 小俣
52%
大糸線 北小谷
52%
小浜線 東小浜
52%
日豊本線日田彦山線 南小倉
52%
東武伊勢崎線 小菅
52%
奈良線 JR小倉
52%
常磐線 小高
48%
鶴見線 鶴見小野
48%
上越線只見線 小出
48%
磐越東線 小野新町
48%
飯田線 小坂井
48%
関西本線 大和小泉
48%
唐津線 小城
48%
富山地方鉄道富山軌道線 | 東武小泉線 小泉町
48%
名鉄小牧線 小牧原
48%
名鉄瀬戸線 小幡
48%
流鉄流山線 小金城趾
48%
甘木鉄道 小郡
48%
函館本線 小沢
43%
函館本線 小樽
43%
函館本線 南小樽
43%
函館本線 小樽築港
43%
八高線 小宮
43%
米坂線 小国
43%
釜石線 小山田
43%
湖西線 北小松
43%
津山線 小原
43%
鹿児島本線 小森江
43%
東武亀戸線 小村井
43%
西武池袋線 小手指
43%
東京メトロ銀座線 上野広小路
43%
北総鉄道北総線 小室
43%
成田線 小見川
38%
水戸線 小田林
38%
仙石線 小鶴新田
38%
御殿場線 駿河小山
38%
小野田線 南小野田
38%
東急池上線 大崎広小路
38%
名鉄名古屋本線 小田渕
38%
西鉄天神大牟田線 西鉄小郡
38%
都電荒川線 小台
38%
日暮里・舎人ライナー 赤土小学校前
38%
日暮里・舎人ライナー 足立小台
38%
大阪メトロ千日前線 小路
38%
外房線 安房小湊
33%
小海線 東小諸
33%
東海道本線 西小坂井
33%
飯田線 小和田
33%
加古川線 小野町
33%
京阪本線 森小路
33%
箱根登山鉄道 小涌谷
33%
室蘭本線 小幌
29%
常磐線 小木津
29%
上越線 小千谷
29%
田沢湖線 小岩井
29%
山陰本線 小串
29%
山陽本線 小月
29%
東武鬼怒川線 小佐越
29%
長野電鉄長野線 小布施
29%
万葉線 | 伊賀鉄道 広小路
29%
遠州鉄道 遠州小松
29%
遠州鉄道 遠州小林
29%
ゆいレール 小禄
29%
釧網本線 浜小清水
24%
久留里線 小櫃
24%
吾妻線 小野上
24%
吾妻線 小野上温泉
24%
和歌山線 紀伊小倉
24%
土讃線 小歩危
24%
牟岐線 南小松島
24%
大村線 小串郷
24%
吉都線 西小林
24%
近鉄奈良線 河内小阪
24%
青い森鉄道 小湊
24%
あおなみ線 小本
24%
越後線 小木ノ城
19%
磐越東線 小川郷
19%
仙石線 陸前小野
19%
米坂線 羽前小松
19%
身延線 小井川
19%
飯田線 伊那小沢
19%
高山本線 飛騨小坂
19%
大糸線 小滝
19%
呉線 小屋浦
19%
小野田線 小野田港
19%
予讃線 伊予小松
19%
日南線 小内海
19%
東武日光線 下小代
19%
札幌市電 資生館小学校前
19%
北陸鉄道石川線 | 青い森鉄道 小柳
19%
いわて銀河鉄道 小繋
19%
いわて銀河鉄道 小鳥谷
19%
わたらせ渓谷鉄道 小中
19%
豊橋鉄道渥美線 小池
19%
京都丹後鉄道宮舞線 小天橋
19%
岡山電気軌道 小橋
19%
松浦鉄道 小浦
19%
烏山線 小塙
14%
越後線 小針
14%
奥羽本線 四ツ小屋
14%
北上線 小松川
14%
釜石線 小佐野
14%
八戸線 小中野
14%
越美北線 小和清水
14%
山陰本線 戸田小浜
14%
土讃線 小村神社前
14%
久大本線 小野屋
14%
長崎本線 小長井
14%
長崎本線 小江
14%
名鉄三河線 小垣江
14%
札幌市電 幌南小学校前
14%
青い森鉄道 小川原
14%
三陸鉄道リアス線 岩泉小本
14%
江ノ島電鉄 柳小路
14%
いすみ鉄道 小谷松
14%
上信電鉄 根小屋
14%
関東鉄道常総線 小絹
14%
宇都宮芳賀ライトレール線 平石中央小学校前
14%
IRいしかわ鉄道 小舞子
14%
伊豆箱根鉄道駿豆線 三島広小路
14%
阪堺電軌阪堺線 大小路
14%
水郡線 上小川
10%
小海線 甲斐小泉
10%
越後線 小島谷
10%
羽越本線 小岩川
10%
羽越本線 小波渡
10%
羽越本線 小砂川
10%
大船渡線 小梨
10%
飯田線 小町屋
10%
山陰本線 梅小路京都西
10%
札幌市電 狸小路
10%
弘南鉄道大鰐線 小栗山
10%
秋田内陸縦貫鉄道 縄文小ヶ田
10%
秋田内陸縦貫鉄道 小渕
10%
千葉都市モノレール2号線 小倉台
10%
秩父鉄道 小前田
10%
大井川鐵道井川線 川根小山
10%
四日市あすなろう鉄道内部線 小古曽
10%
広島電鉄本線 小網町
10%
水郡線 下小川
5%
水郡線 小塩江
5%
陸羽東線 立小路
5%
花輪線 小屋の畑
5%
芸備線 小奴可
5%
日豊本線 小波瀬西工大前
5%
富山地方鉄道富山港線 萩浦小学校前
5%
富山地方鉄道富山軌道線 堀川小泉
5%
えちぜん鉄道勝山永平寺線 小舟渡
5%
とさでん交通後免線 小篭通
5%
No matching quizzes found
Score Distribution
Percent of People with Each Score
Percentile by Number Answered
Your Score History
You have not taken this quiz